|
|
|
|
| LEADER |
00582nam a22001812a 4500 |
| 001 |
000573416 |
| 003 |
CZ BrMZK |
| 005 |
20011008113137.0 |
| 007 |
ta |
| 008 |
010825s1928 gw f ger d |
| 040 |
|
|
|a BOA001
|b cze
|c BOA001
|
| 100 |
1 |
|
|a Wassermann, Jakob,
|d 1873-1934
|7 jn19990008938
|4 aut
|
| 245 |
1 |
4 |
|a Der Maloch :
|b roman /
|c Jakob Wassermann
|
| 260 |
|
|
|a Berlin :
|b Volksverband der Bucherfreunde Verlag,
|c [1928]
|
| 300 |
|
|
|a 330 s.
|
| 910 |
|
|
|a BOA001
|b 1-0152.331
|
| 990 |
|
|
|a BK
|
| 996 |
7 |
|
|b 2619704141
|c 1-0152.331
|l MZK
|r Sklad / do 1 hodiny
|n 2
|w 000573416
|u 000010
|a 1
|e BOA001
|j MZK50
|s A
|